| 000 | 00631nam a2200253 a 4500 | ||
|---|---|---|---|
| 003 | AR-BaBNM | ||
| 005 | 20251128205548.0 | ||
| 008 | 082120s2002 ||||||||||||||000 | spa|| | ||
| 040 | _cAR-BaBNM | ||
| 100 | 1 | _aNeruda, Pablo | |
| 245 | 0 | 0 | _aPlenos poderes |
| 250 | _a2ª ed. | ||
| 260 |
_aBuenos Aires _bLosada _c1971 |
||
| 300 | _a92 p. | ||
| 490 | 0 |
_aBiblioteca clásica y contemporánea _vv. 37 |
|
| 650 | 4 | _aLITERATURA CHILENA | |
| 650 | 4 | _aPOESIA | |
| 650 | 4 | _aESCRITORES | |
| 650 | 4 | _aLITERATURA LATINOAMERICANA | |
| 650 | 4 | _aLITERATURA CONTEMPORANEA | |
| 655 | _aLITERATURA | ||
| 942 | _cBK | ||
| 998 | _cMARTIN | ||
| 999 |
_c11905 _d11905 |
||